00909nam a2200289 a 450000100060000000300080000600500170001400800410003102000190007202000150009102000180010602000150012402000150013903500190015404000250017304100080019808200260020610000300023224500950026226000440035730000230040150000190042450400280044365000350047177600340050685600790054042102BD-RjUL20211209053508.0160609s1959 ne ob 001 0 eng  a9789401168090  a9401168091 z9789401168113 z9401168113 z9401168091 a(BD-RjUL)42220 aAU@bengcAU@dGW5XE aeng04a327.492223bVAD 19591 aVandenbosch, Amry,d1894-10aDutch Foreign Policy Since 1815 :ba Study in Small Power Politics /cby Amry Vandenbosch. aNetherlands :bMartinus Nijhoff,c1959. ax, 318 p. ;c23cm. aIncludes index a Bibliography 307-312p. 0aInternational relationszDutch08iPrint version:z9789401168113403SpringerLinkuhttp://dx.doi.org/10.1007/978-94-011-6809-0zMIT Access Only